书目信息 |
| 题名: |
基础工程
|
|
| 作者: | 马孝春 , 王贵和 , 张彬 编著 | |
| 分册: | ||
| 出版信息: | 北京 清华大学出版社 2020.09 |
|
| 页数: | 347页 | |
| 开本: | 26cm | |
| 丛书名: | 普通高等教育“十三五”规划教材 | |
| 单 册: | ||
| 中图分类: | TU47 | |
| 科图分类: | ||
| 主题词: | 基础 (工程)--ji chu ( gong cheng )--高等教育--教材 | |
| 电子资源: | ||
| ISBN: | 978-7-302-56074-6 | |
| 000 | 01183nam 2200289 450 | |
| 001 | 202021191874 | |
| 005 | 20211025120131.0 | |
| 010 | @a978-7-302-56074-6@dCNY65.00 | |
| 100 | @a20210919d2020 em y0chiy50 ea | |
| 101 | 0 | @achi |
| 102 | @aCN@b110000 | |
| 105 | @aak a 000yy | |
| 106 | @ar | |
| 200 | 1 | @a基础工程@Aji chu gong cheng@f马孝春, 王贵和, 张彬编著 |
| 210 | @a北京@c清华大学出版社@d2020.09 | |
| 215 | @a347页@c图@d26cm | |
| 225 | 2 | @a普通高等教育“十三五”规划教材@Apu tong gao deng jiao yu “ shi san wu ” gui hua jiao cai@i土木工程类系列教材 |
| 320 | @a有书目 (第346-347页) | |
| 330 | @a本书根据高等学校地质工程和土木工程专业特色和教学大纲, 依据基础工程内容相关的最新技术规范编写而成, 吸取了国内外较为成熟的基础工程新理论、新工艺和新技术。主要内容有: 绪论、浅基础、深基础、特殊土地基、地基处理、基础抗震。 | |
| 410 | 0 | @12001 @a普通高等教育“十三五”规划教材@i土木工程类系列教材 |
| 606 | 0 | @a基础 (工程)@Aji chu ( gong cheng )@x高等教育@j教材 |
| 690 | @aTU47@v5 | |
| 701 | 0 | @a马孝春@Ama xiao chun@4编著 |
| 701 | 0 | @a王贵和@Awang gui he@4编著 |
| 701 | 0 | @a张彬@Azhang bin@4编著 |
| 801 | 0 | @aCN@c20210909 |
| 905 | @a河南城建学院图书馆@dTU47@eM191 | |
| 基础工程/马孝春, 王贵和, 张彬编著.-北京:清华大学出版社,2020.09 |
| 347页:图;26cm.-(普通高等教育“十三五”规划教材.土木工程类系列教材) |
| ISBN 978-7-302-56074-6:CNY65.00 |
| 本书根据高等学校地质工程和土木工程专业特色和教学大纲, 依据基础工程内容相关的最新技术规范编写而成, 吸取了国内外较为成熟的基础工程新理论、新工艺和新技术。主要内容有: 绪论、浅基础、深基础、特殊土地基、地基处理、基础抗震。 |
| ● |
| 相关链接 |
|
|
|
正题名:基础工程
索取号:TU47/M191
 
预约/预借
| 序号 | 登录号 | 条形码 | 馆藏地/架位号 | 状态 | 备注 |
| 1 | 1540795 | 215407959 | 建筑库101/101建筑库 96排4列3层/ [索取号:TU47/M191] | 在馆 | |
| 2 | 1540796 | 215407968 | 建筑库101/101建筑库 96排4列3层/ [索取号:TU47/M191] | 在馆 |